FNAF Wszystkie postacie (1 - Security Breach) - Statystyki

Ogólne statystyki
  • Ten quiz został rozwiązany 762 razy
  • Średni wynik to 49 z 96
Statystyki odpowiedzi
Część Odpowiedź % Poprawnych
FNaF 1 Freddy Fazbear
98%
Foxy the Pirate
95%
Chica the Chicken
94%
Bonnie the Bun
93%
Golden Freddy
91%
FNaF 2 Toy Freddy
87%
Toy Bonnie
86%
Toy Chica
86%
Mangle
85%
Balloon Boy
84%
Puppet
82%
FNaF 3 Springtrap
80%
Withered Bonnie
78%
Withered Chica
78%
Withered Foxy
78%
Withered Freddy
78%
Nightmare
73%
FNaF 4 Nightmare Freddy
71%
Shadow Bonnie
71%
FNaF Sister Location Circus Baby
70%
Phantom Golden Freddy
70%
Nightmare Chica
69%
Shadow Freddy
69%
NIghtmare Bonnie
68%
Nightmare Foxy
68%
Phantom Chica
67%
Ballora
66%
Phantom Foxy
66%
William Afton
66%
Funtime Foxy
64%
Funtime Freddy
64%
Phantom Balloon Boy
62%
Roxanne
61%
Phantom Puppet
59%
Security Breach Glamrock Freddy
59%
JJ
58%
Withered Golden Freddy
58%
Fredbear
57%
Glamrock Chica
57%
Montgomery
57%
Plushtrap
57%
Nightmarionne
55%
Endoszkielet
54%
Ennard
54%
FFPS Scraptrap
53%
Bon-bon
52%
Lefty
49%
Nightmare Mangle
49%
Vanny
49%
Postacie Ludzkie Michael Afton
48%
Vanessa
48%
Crying Child
47%
Jack O' Chica
47%
Elizabeth Afton
46%
Scrap Baby
46%
Rockstar Freddy
45%
Gregory
44%
Jack O' Bonnie
44%
Bonnet
43%
Henry Emily
43%
Molten Freddy
43%
Rockstar Chica
43%
Rockstar Foxy
43%
Rockstar Bonnie
42%
Nightmare Balloon Boy
41%
Funtime Chica
40%
Funtime Lolbit
39%
Mr. Hippo
39%
Happy Frog
38%
Bidybab
36%
Burntrap
36%
Ultimate Custom Night (Dodatkowe) Phone Guy
36%
Yenndo
36%
Minireena
33%
Music Man
32%
Orville Elephant
32%
Sundrop/Moondrop
31%
Jeremy Fitzgerald
30%
Helpy
29%
Electrobab
28%
Nightmare Cupcake
28%
El Chip
26%
STAFF Bots
26%
Trash and the Gang
25%
Nedd Bear
24%
Blob
23%
DJ Music Man
23%
Map Bot
23%
Pigpatch
22%
Charlotte Emily
21%
Fritz Schmidt
18%
Security Puppet
16%
Candy Cadet
15%
Old Man Consequences
14%
Glamrock Endoskeleton
10%
Glamrock Mr.Hippo
5%
Nie znaleziono quizów pasujących do podanych kryteriów
Rozkład punktacji
Procent ludzi z każdym wynikiem
Percentyl według liczby udzielonych odpowiedzi
Twoja historia wyników
Nie rozwiązałeś tego quizu